000 00519nam a2200169 i 4500
001 85035
003 ES-MaACL
005 20230906175153.0
007 t|
008 041125s1922 fr ||||1| fre d
100 1 _aJèze, Gaston (
_d1869-1953)
_9154478
245 1 0 _aCours de sciencie des finances et de législation financière française /
_cpar Gaston Jèze.
250 _a6éme ed.
260 _aParis :
_b[s.n.,
_c1922] (
_eLaval :
_fBarneoud)
300 _aXXVIII, 507 p. ;
_c22 cm.
852 _aES-MaACL
_jB-5197
999 _c85035
_d85035